LEADER 01258nam0 2200337 450 001 000032986 005 20121005122744.0 010 $a978-0-521-10390-9 100 $a20120524d1982----km-y0itaa50------ba 101 0 $aeng 102 $aGB 200 1 $a<> Island Polity$ethe archaeology of exploitation in Melos$fedited by Colin Renfrew and Malcolm Wagstaff 210 $aCambridge [etc.]$cCambridge University Press$d1982 215 $aXIV, 361 p.$cill.$d28 cm. 606 1 $aScavi archeologici$yMelo 676 $a939.15$v(22. ed.)$9Storia del mondo antico. Isole egee sudoccidentali 702 1$aRenfrew,$bColin 702 1$aWagstaff,$bMalcolm 801 0$aIT$bUniversità della Basilicata - B.I.A.$gREICAT$2unimarc 912 $a000032986 996 $aIsland Polity$998969 997 $aUNIBAS BAS $aLETTERE CAT $aTTM$b30$c20120524$lBAS01$h1248 CAT $aMDL$b00$c20121001$lBAS01$h1422 CAT $aMDL$b30$c20121001$lBAS01$h1540 CAT $aMDL$b00$c20121001$lBAS01$h1552 CAT $aSTD082$b01$c20121001$lBAS01$h1553 CAT $aSTD082$b01$c20121005$lBAS01$h1227 FMT Z30 -1$lBAS01$LBAS01$mBOOK$1BASA4$APolo di Matera$2DID$BDidattica$3MSR/111161$6111161$5L111161$820121001$f04$FPrestabile Didattica LEADER 01494nam2-2200409---450- 001 990003032060203316 005 20110309134143.0 035 $a000303206 035 $aUSA01000303206 035 $a(ALEPH)000303206USA01 035 $a000303206 100 $a20071211h2006----km-y0itay0103----ba 101 $aita 102 $aIT 105 $a||||||||001yy 200 1 $a<> limiti dell'implementazione del controllo di gestione negli enti locali in assenza di cultura manageriale$fVincenzo Sforza 210 $aRoma$cRirea$d2006 215 $a63 p.$d24 cm 225 2 $aQuaderni monografici Rirea$v50 300 $aSuppl. di.: Rivista italiana di ragioneria e di economia aziendale, fasc.11-12/2006 410 0$1001000205078$aQuaderni monografici Rirea$v, 50 606 0 $aEnti locali$xGestione$xControllo 676 $a352.171 700 1$aSFORZA,$bVincenzo$0299240 801 0$aIT$bsalbc$gISBD 912 $a990003032060203316 951 $a352.171 SFO 1 (IRA 20 240)$b14665/50 E.C.$cIRA 20$d00065623 959 $aBK 969 $aECO 979 $aIANNONE$b90$c20071211$lUSA01$h1041 979 $aRSIAV2$b90$c20081202$lUSA01$h1037 979 $aPATRY$b90$c20110309$lUSA01$h1308 979 $aPATRY$b90$c20110309$lUSA01$h1309 979 $aPATRY$b90$c20110309$lUSA01$h1309 979 $aPATRY$b90$c20110309$lUSA01$h1341 996 $aLimiti dell'implementazione del controllo di gestione negli enti locali in assenza di cultura manageriale$91025916 997 $aUNISA